000 01036nac a22002171u 4500
008 100721s1988 ua||||||r||| 001 0dra d
020 _a9771002910
082 _a159
_bع ل ا
_222
100 _aعلاوي ، محمد حسن
_916542
245 _aالقياس في التربية الرياضية وعلم النفس الرياضي/
_cمحمد حسن علاوي ؛ محمد نصر الدين رضوان
250 _aط2
260 _aالقاهرة:
_bدار الفكر العربي ،
_cc1988.
300 _a455ص:
_bايض ;
_c24سم
504 _aيحتوي على مراجع ببليوجرافية وكشاف
511 _aCatalogued by: Sara
541 _aألف باء ;
650 _aعلم النفس الرياضي
_916870
700 _aرضوان ، محمد نصر الدين
_916545
_eمؤلف مشارك
942 _cBB
_k159 ع ل ا
_2ddc
999 _c7506
_d7506